000
00323nam a22001457a 4500
008
221012b ||||| |||| 00| 0 eng d
020
_a
9780683305715
041
_a
eng
080
_a
616.053
082
_a
616.053
100
_a
14.2
101
_a
PEDI
245
_a
PEDIATRIC INTENSIVE CARE
_c
ROGERS M
942
_2
udc
_c
BK
999
_c
58509
_d
58509